| 000 | 00803cam a2200205 i 4500 | ||
|---|---|---|---|
| 005 | 20251230103354.0 | ||
| 008 | 250721s2004 jo gr 000 0 ara d | ||
| 020 | _a9957410156 | ||
| 082 | 1 | 4 |
_a218.9 _bأ ح م |
| 100 | 1 |
_aأحمد، عزمي طه السيد _eمؤلف. |
|
| 245 | 1 | 2 |
_aالتصوف الإسلامي : _bحقيقته وتاريخه ودوره الحضاري / _cالأستاذ الدكتور عزمي طه السيد أحمد. |
| 250 | _aالطبعة الأولى. | ||
| 264 | 3 | 1 |
_aعمان : _bالمؤسسة العربية للنشر والتوزيع، _c2004. |
| 300 | _a216 صفحة. | ||
| 490 | 0 |
_aدراسات حضارية ؛ _vرقم 4. |
|
| 650 | 1 | 7 | _aالتصوف الإسلامي. |
| 830 | 0 | _aدراسات حضارية. | |
| 942 |
_2ddc _cBK |
||
| 999 |
_c88661 _d88661 |
||